[Event "Oberliga Sued W 2324"]
[Site "Germany"]
[Date "2023.10.15"]
[Round "2.8"]
[White "Plum, Paul"]
[Black "Roelle, Philipp"]
[Result "0-1"]
[WhiteElo "1918"]
[BlackElo "2101"]
[PlyCount "80"]
[EventDate "2023.09.17"]
[EventType "team-tourn"]
[EventRounds "9"]
[EventCountry "GER"]
[SourceTitle "EXT 2025"]
[Source "ChessBase"]
[SourceDate "2024.10.14"]
[SourceVersion "1"]
[SourceVersionDate "2024.10.14"]
[SourceQuality "1"]
[WhiteTeam "Koblenz II"]
[BlackTeam "Kaiserslautern"]
[WhiteTeamCountry "GER"]
[BlackTeamCountry "GER"]

1. e4 c5 2. Nc3 g6 3. g3 Bg7 4. Bg2 Nc6 5. d3 d6 6. Be3 e6 7. Qd2 Nge7 8. Bh6 0-0 9. h4 Bxh6 10. Qxh6 f6 11. Qd2 Nd4 12. Nce2 Nec6 13. c3 Nxe2 14. Nxe2 e5 15. 0-0 Qe7 16. f4 Bg4 17. Bf3 Bxf3 18. Rxf3 f5 19. exf5 Rxf5 20. Re3 Qg7 21. Kg2 Raf8 22. d4 cxd4 23. cxd4 exd4 24. Rd3 Rd5 25. Rd1 Re8 26. Kf1 Qd7 27. Ng1 Rf5 28. Nf3 Rf7 29. Nxd4 Nxd4 30. Rxd4 Rfe7 31. Qg2 Qg4 32. Rxd6 Kg7 33. R6d2 Re3 34. Rd3 Re2 35. Qxb7+ Kh6 36. Qd7 R8e6 37. Qxe6 Qxe6 38. R3d2 Re3 39. Rg2 Qg4 40. Rd5 Qf3+ 0-1

[Event "Heusenstamm Sparkassen op-A 7th"]
[Site "Heusenstamm"]
[Date "2021.11.19"]
[Round "2.36"]
[White "Plum, Paul"]
[Black "Kather, Yannick"]
[Result "0-1"]
[WhiteElo "1851"]
[BlackElo "2147"]
[PlyCount "72"]
[EventDate "2021.11.18"]
[EventType "swiss"]
[EventRounds "7"]
[EventCountry "GER"]
[SourceTitle "EXT 2023"]
[Source "ChessBase"]
[SourceDate "2022.10.05"]
[SourceVersion "1"]
[SourceVersionDate "2022.10.05"]
[SourceQuality "1"]

1. e4 c5 2. Nc3 Nc6 3. g3 g6 4. Bg2 Bg7 5. d3 d6 6. Be3 Rb8 7. Nf3 Nd4 8. Qd2 Bh3 9. 0-0 Nxf3+ 10. Bxf3 Bxf1 11. Kxf1 Nf6 12. e5 dxe5 13. Bxc5 b6 14. Bc6+ Nd7 15. Ba3 0-0 16. Nd5 Nc5 17. b4 Rc8 18. b5 Rxc6 19. Nxe7+ Qxe7 20. bxc6 Qd6 21. Rd1 Qxc6 22. c3 Rd8 23. Qg5 Bf6 24. Qe3 Ne6 25. Bb2 e4 26. d4 Nc7 27. Kg1 Re8 28. Qf4 Nd5 29. Qd2 e3 30. fxe3 Rxe3 31. Qf2 b5 32. Bc1 Rxc3 33. Bh6 Rc2 34. Qf3 Qe6 35. Qa3 Bxd4+ 36. Rxd4 Qe1# 0-1

[Event "Heusenstamm Sparkassen op-A 7th"]
[Site "Heusenstamm"]
[Date "2021.11.18"]
[Round "1.25"]
[White "Laux, Dominik"]
[Black "Plum, Paul"]
[Result "1/2-1/2"]
[WhiteElo "2205"]
[BlackElo "1851"]
[PlyCount "80"]
[EventDate "2021.11.18"]
[EventType "swiss"]
[EventRounds "7"]
[EventCountry "GER"]
[SourceTitle "EXT 2023"]
[Source "ChessBase"]
[SourceDate "2022.10.05"]
[SourceVersion "1"]
[SourceVersionDate "2022.10.05"]
[SourceQuality "1"]

1. d4 Nf6 2. Bg5 d5 3. e3 Bf5 4. Bxf6 exf6 5. Bd3 Bxd3 6. Qxd3 c6 7. Ne2 Qb6 8. b3 Bb4+ 9. c3 Bd6 10. 0-0 Qa6 11. c4 Nd7 12. Rd1 dxc4 13. bxc4 0-0 14. Nd2 Rfd8 15. Qb3 Bf8 16. Nc3 b6 17. e4 Qa5 18. Rab1 Rac8 19. Nf3 Nb8 20. g3 g6 21. Kg2 Bg7 22. Rd3 f5 23. Re1 Nd7 24. e5 Nc5 25. Qc2 Nxd3 26. Qxd3 Qa3 27. Qe3 Re8 28. Rb1 Qe7 29. Re1 Qb4 30. Qd3 Qa3 31. Qd2 Bf8 32. Rb1 Qe7 33. Qd1 f6 34. Qa4 fxe5 35. Nxe5 Qd6 36. Qxa7 Qxd4 37. Qf7+ Kh8 38. Qf6+ Bg7 39. Nf7+ Kg8 40. Nh6+ Kh8 1/2-1/2

[Event "GER Pfingstopen U25"]
[Site "Playchess.com INT"]
[Date "2020.06.02"]
[Round "6"]
[White "Plum, Paul"]
[Black "Schoen, Florian"]
[Result "1-0"]
[WhiteElo "1648"]
[BlackElo "1619"]
[PlyCount "97"]
[EventDate "2020.06.02"]
[EventType "swiss (blitz)"]
[EventRounds "11"]
[EventCountry "GER"]
[SourceTitle "CBM 197 Extra"]
[Source "ChessBase"]
[SourceDate "2020.09.30"]
[SourceVersion "1"]
[SourceVersionDate "2020.09.30"]
[SourceQuality "1"]

1. e4 e5 2. Nf3 Nc6 3. Bc4 Nf6 4. Ng5 d5 5. exd5 Nd4 6. c3 b5 7. cxd4 bxc4 8. dxe5 Nxd5 9. Nf3 Bg4 10. Qa4+ Qd7 11. Qxd7+ Kxd7 12. Nc3 Bxf3 13. gxf3 Nxc3 14. dxc3 Bc5 15. Be3 Bb6 16. 0-0-0+ Kc6 17. Rhg1 g6 18. Rg4 Bxe3+ 19. fxe3 Kc5 20. Rdd4 Rhe8 21. Rxc4+ Kb6 22. Rb4+ Kc6 23. f4 Rab8 24. Rd4 Red8 25. Kc2 Rd5 26. Rg1 Rbd8 27. Rgd1 Kc5 28. Rxd5+ Rxd5 29. Rxd5+ Kxd5 30. Kd3 c5 31. e4+ Kc6 32. Kc4 h6 33. h4 h5 34. b4 cxb4 35. cxb4 a6 36. a4 Kb6 37. Kd5 Kc7 38. b5 a5 39. e6 f6 40. e7 Kd7 41. b6 Kxe7 42. b7 f5 43. exf5 gxf5 44. b8Q Kd7 45. Qe5 Kc8 46. Qxf5+ Kc7 47. Qxh5 Kd7 48. Qh7+ Kc8 49. Kc6 1-0

[Event "GER-ch U18 sf Berlin Online"]
[Site "Playchess.com INT"]
[Date "2020.05.01"]
[Round "12"]
[White "Plum, Paul"]
[Black "Fock, Madiha"]
[Result "1-0"]
[WhiteElo "1616"]
[BlackElo "1749"]
[PlyCount "157"]
[EventDate "2020.05.01"]
[EventType "swiss (blitz)"]
[EventRounds "13"]
[EventCountry "GER"]
[SourceTitle "CBM 195 Extra"]
[Source "ChessBase"]
[SourceDate "2020.05.31"]
[SourceVersion "1"]
[SourceVersionDate "2020.05.31"]
[SourceQuality "1"]

1. e4 d5 2. exd5 Qxd5 3. Nc3 Qd6 4. d4 c6 5. g3 Nf6 6. Bf4 Qd8 7. Bg2 e6 8. Nge2 Bd6 9. 0-0 Qc7 10. Re1 0-0 11. Bxd6 Qxd6 12. Nf4 Nbd7 13. Qd2 Nd5 14. Ncxd5 exd5 15. Nd3 Nf6 16. Ne5 Bf5 17. c3 Rfe8 18. Qf4 Bg6 19. Nxg6 Qxf4 20. Nxf4 Ne4 21. Bxe4 dxe4 22. Re3 f5 23. Rae1 Re7 24. g4 g6 25. gxf5 gxf5 26. f3 Rae8 27. fxe4 Rxe4 28. Rxe4 Rxe4 29. Rxe4 fxe4 30. Kf2 Kf7 31. Ke3 Kf6 32. Kxe4 Kg5 33. c4 b6 34. d5 cxd5+ 35. cxd5 Kf6 36. d6 Kf7 37. Kd5 Ke8 38. Kc6 h6 39. d7+ Kd8 40. Ne6+ Ke7 41. d8Q+ Kxe6 42. Qd5+ Kf6 43. Qf3+ Kg7 44. Kb7 Kh8 45. Kxa7 Kh7 46. Qf7+ Kh8 47. Qb7 h5 48. Kxb6 h4 49. a4 h3 50. a5 Kg8 51. Qc8+ Kh7 52. Qxh3+ Kg8 53. a6 Kf8 54. a7 Ke7 55. a8Q Kf6 56. Qa1 Ke5 57. Qg3+ Kd4 58. h4 Kd5 59. Qh2 Ke6 60. Qhh1 Kf7 61. Qab1 Kg7 62. Kc6 Kh8 63. b4 Kg7 64. b5 Kh6 65. b6 Kg7 66. b7 Kh6 67. b8Q Kh5 68. Qa8 Kh6 69. Qbb7 Kh5 70. Qe1 Kh6 71. Qe4 Kh5 72. Qea4 Kh6 73. Qbb5 Kh7 74. Q8a7+ Kh8 75. h5 Kg8 76. Qa1 Kf8 77. h6 Kg8 78. h7+ Kf8 79. h8Q# 1-0

[Event "GER-ch U18 sf Berlin Online"]
[Site "Playchess.com INT"]
[Date "2020.05.01"]
[Round "7"]
[White "Plum, Paul"]
[Black "Mueller, Paul2"]
[Result "0-1"]
[WhiteElo "1616"]
[BlackElo "1453"]
[PlyCount "96"]
[EventDate "2020.05.01"]
[EventType "swiss (blitz)"]
[EventRounds "13"]
[EventCountry "GER"]
[SourceTitle "CBM 195 Extra"]
[Source "ChessBase"]
[SourceDate "2020.05.31"]
[SourceVersion "1"]
[SourceVersionDate "2020.05.31"]
[SourceQuality "1"]

1. e4 e5 2. Nf3 Nc6 3. Bc4 Bc5 4. c3 Nf6 5. d3 h6 6. Nbd2 d5 7. exd5 Nxd5 8. Nf1 0-0 9. Ne3 Nxe3 10. Bxe3 Bb6 11. 0-0 Bg4 12. h3 Bh5 13. Bxb6 axb6 14. Qe2 Qf6 15. a3 Rad8 16. Rad1 Na5 17. g4 Bg6 18. Nxe5 Rfe8 19. d4 c5 20. Bb5 Re7 21. Qf3 Qxf3 22. Nxf3 f6 23. dxc5 Rxd1 24. Rxd1 bxc5 25. b4 cxb4 26. axb4 Nb3 27. Rd8+ Kh7 28. Rd7 Rxd7 29. Bxd7 Be4 30. Nd4 Nxd4 31. cxd4 Bd5 32. Kf1 Kg6 33. h4 h5 34. Bf5+ Kh6 35. Ke2 g6 36. Bd7 hxg4 37. Bxg4 f5 38. Bh3 Kh5 39. Ke3 Kxh4 40. Bf1 g5 41. Bd3 f4+ 42. Ke2 g4 43. Bf5 g3 44. fxg3+ Kxg3 45. Bg6 f3+ 46. Ke1 f2+ 47. Ke2 Bc4+ 48. Ke3 f1Q 0-1

[Event "GER-ch Net Amateur Gr-B Vor2"]
[Site "Playchess.com INT"]
[Date "2020.04.15"]
[Round "1"]
[White "Plum, Paul"]
[Black "Weiskopf, Philip Michael"]
[Result "1-0"]
[WhiteElo "1653"]
[BlackElo "1462"]
[PlyCount "49"]
[EventDate "2020.04.15"]
[EventType "swiss (blitz)"]
[EventRounds "9"]
[EventCountry "GER"]
[SourceTitle "CBM 196 Extra"]
[Source "ChessBase"]
[SourceDate "2020.07.31"]
[SourceVersion "1"]
[SourceVersionDate "2020.07.31"]
[SourceQuality "1"]

1. e4 c5 2. Nc3 Nc6 3. g3 e5 4. Bg2 Nf6 5. d3 Be7 6. Be3 0-0 7. h3 a6 8. Nge2 b5 9. Qd2 Bb7 10. 0-0 b4 11. Nd1 d5 12. exd5 Nxd5 13. Kh2 Bf6 14. Bxc5 Re8 15. Ne3 a5 16. Nxd5 Nd4 17. Nxf6+ Qxf6 18. Bxb7 Rac8 19. Bxd4 Rc7 20. Bg2 exd4 21. Nf4 Qg5 22. Rfe1 Rec8 23. Re4 Rxc2 24. Qxc2 Rxc2 25. Re8# 1-0

[Event "GER-ch Net blitz qual4"]
[Site "Playchess.com INT"]
[Date "2020.03.23"]
[Round "3"]
[White "Di Capua, Francesco Stefano"]
[Black "Plum, Paul"]
[Result "1-0"]
[WhiteElo "1956"]
[BlackElo "1790"]
[PlyCount "129"]
[EventDate "2020.03.23"]
[EventType "swiss (blitz)"]
[EventRounds "9"]
[EventCountry "GER"]
[SourceTitle "CBM 195 Extra"]
[Source "ChessBase"]
[SourceDate "2020.05.31"]
[SourceVersion "1"]
[SourceVersionDate "2020.05.31"]
[SourceQuality "1"]

1. e4 e5 2. Nf3 Nc6 3. Bc4 Bc5 4. b4 Bxb4 5. c3 Be7 6. d4 Na5 7. Nxe5 Nxc4 8. Nxc4 d5 9. exd5 Qxd5 10. Ne3 Qd8 11. 0-0 Nf6 12. Ba3 0-0 13. Qd3 Bxa3 14. Nxa3 Ng4 15. h3 Nxe3 16. fxe3 Qe7 17. Nc4 Be6 18. Nd2 Rad8 19. e4 Bc8 20. c4 c6 21. Rae1 Qd6 22. d5 cxd5 23. exd5 Qb6+ 24. Kh1 Qa6 25. a3 Be6 26. Qc3 Bd7 27. Ne4 Qg6 28. Rf3 f5 29. Rg3 Qh6 30. Nc5 f4 31. Rf3 Qg6 32. Re7 Bc8 33. Qd4 Rde8 34. Rxe8 Qxe8 35. Rxf4 Qe1+ 36. Kh2 Qe8 37. Rxf8+ Qxf8 38. Nd3 Bd7 39. Ne5 Qd6 40. Qf4 Qe7 41. Nxd7 Qxd7 42. Qe5 Kf7 43. Kg3 Qd8 44. Qe6+ Kf8 45. Kg4 h6 46. g3 Qg5+ 47. Kf3 Qh5+ 48. Qg4 Qe8 49. Qf5+ Kg8 50. Qe6+ Qxe6 51. dxe6 Kf8 52. Ke4 Ke7 53. Ke5 a6 54. c5 g6 55. Kd5 h5 56. h4 a5 57. a4 Ke8 58. Kd6 Kd8 59. c6 bxc6 60. Kxc6 Ke7 61. Kd5 Kd8 62. Kd6 Ke8 63. e7 Kf7 64. Kd7 Kf6 65. e8Q 1-0

[Event "GER-ch Net blitz qual4"]
[Site "Playchess.com INT"]
[Date "2020.03.23"]
[Round "9"]
[White "Haubold, Christian Lucas"]
[Black "Plum, Paul"]
[Result "0-1"]
[WhiteElo "1548"]
[BlackElo "1790"]
[PlyCount "80"]
[EventDate "2020.03.23"]
[EventType "swiss (blitz)"]
[EventRounds "9"]
[EventCountry "GER"]
[SourceTitle "CBM 195 Extra"]
[Source "ChessBase"]
[SourceDate "2020.05.31"]
[SourceVersion "1"]
[SourceVersionDate "2020.05.31"]
[SourceQuality "1"]

1. e4 e5 2. Nf3 Nc6 3. Bc4 Bc5 4. 0-0 d6 5. c3 Nf6 6. d3 0-0 7. Bg5 h6 8. Bh4 Be6 9. Bb3 a6 10. Nbd2 Bxb3 11. Nxb3 Bb6 12. Qc2 Qe7 13. Rfe1 Qe6 14. d4 exd4 15. cxd4 Qg4 16. Bxf6 gxf6 17. h3 Qg6 18. Nh4 Qg5 19. Nf5 Kh8 20. Kh1 Rg8 21. Rg1 Rg6 22. d5 Ne5 23. Ne7 Rg7 24. Nf5 Rgg8 25. Ne7 Rge8 26. Nf5 Bxf2 27. Qxf2 Nd3 28. Qc2 Nf4 29. Qxc7 Qh5 30. Kh2 Rg8 31. Qc2 Rg5 32. Qf2 Nd3 33. Qd2 Ne5 34. Qd1 Qg6 35. Ne7 Qg7 36. Nf5 Qg6 37. Qe2 Re8 38. Nd2 Nd7 39. Qd3 Nc5 40. Qd4 Nxe4 0-1

[Event "GER-ch Net blitz qual4"]
[Site "Playchess.com INT"]
[Date "2020.03.23"]
[Round "5"]
[White "Juegel, Marcel"]
[Black "Plum, Paul"]
[Result "1-0"]
[WhiteElo "2137"]
[BlackElo "1790"]
[PlyCount "95"]
[EventDate "2020.03.23"]
[EventType "swiss (blitz)"]
[EventRounds "9"]
[EventCountry "GER"]
[SourceTitle "CBM 195 Extra"]
[Source "ChessBase"]
[SourceDate "2020.05.31"]
[SourceVersion "1"]
[SourceVersionDate "2020.05.31"]
[SourceQuality "1"]

1. d4 Nf6 2. Nc3 d5 3. Bf4 c6 4. e3 g6 5. h4 Bg7 6. h5 Nxh5 7. Rxh5 gxh5 8. Qxh5 Be6 9. Nf3 Nd7 10. Ng5 Nf6 11. Qh2 Qd7 12. Bd3 h6 13. Nf3 Ng4 14. Qg3 h5 15. 0-0-0 Bf6 16. Ne5 Bxe5 17. Bxe5 Nxe5 18. dxe5 0-0-0 19. e4 h4 20. Qf4 d4 21. Ne2 Qc7 22. Qd2 Qb6 23. f4 Bg4 24. Bc4 Bxe2 25. Qxe2 e6 26. f5 exf5 27. exf5 Rhf8 28. Qg4 Kb8 29. Qxh4 Qc5 30. e6 fxe6 31. Bxe6 Rfe8 32. Qf4+ Ka8 33. a3 d3 34. c3 d2+ 35. Kc2 Qb5 36. Rxd2 Rxd2+ 37. Qxd2 Qe5 38. Qd7 Qe4+ 39. Kb3 Rb8 40. f6 Qe5 41. f7 Qb5+ 42. Ka2 Qc5 43. Qe8 a6 44. Bc8 Ka7 45. f8Q Qc4+ 46. Kb1 Qd3+ 47. Kc1 Qc4 48. Qd7 1-0

[Event "GER-ch Net blitz qual2"]
[Site "Playchess.com INT"]
[Date "2020.03.16"]
[Round "7"]
[White "Kull, Florian"]
[Black "Plum, Paul"]
[Result "1-0"]
[WhiteElo "2134"]
[BlackElo "1790"]
[PlyCount "59"]
[EventDate "2020.03.16"]
[EventType "swiss (blitz)"]
[EventRounds "9"]
[EventCountry "GER"]
[SourceTitle "CBM 195 Extra"]
[Source "ChessBase"]
[SourceDate "2020.05.31"]
[SourceVersion "1"]
[SourceVersionDate "2020.05.31"]
[SourceQuality "1"]

1. c4 e5 2. Nc3 Nf6 3. Nf3 Nc6 4. e4 Bb4 5. d3 d6 6. g3 Bg4 7. h3 Bh5 8. Bg2 Nd4 9. g4 Bg6 10. 0-0 Bxc3 11. bxc3 Ne6 12. Ng5 0-0 13. Rb1 Rb8 14. f4 exf4 15. Nxe6 fxe6 16. Bxf4 e5 17. Bg5 Qd7 18. Bxf6 Rxf6 19. Rxf6 gxf6 20. h4 b5 21. Bh3 bxc4 22. Rxb8+ Kg7 23. dxc4 Qc6 24. Qd5 Qa4 25. g5 Bf7 26. gxf6+ Kxf6 27. Rf8 Kg6 28. Qxf7+ Kh6 29. Qf6+ Kh5 30. Qg5# 1-0